مكتبة جامعة عجلون الوطنية

فهرس بحث المكتبة

Normal view MARC view
  • الاصنام-الوثنية

Entry Topical Term

Number of records used in: 1

001 - CONTROL NUMBER

  • control field: 8313

003 - CONTROL NUMBER IDENTIFIER

  • control field: JO-AjAnu

005 - DATE AND TIME OF LATEST TRANSACTION

  • control field: 20230606071637.0

008 - FIXED-LENGTH DATA ELEMENTS

  • fixed length control field: 230606|| aca||aabn | a|a d

040 ## - CATALOGING SOURCE

  • Original cataloging agency: JO-AjAnu
  • Transcribing agency: JO-AjAnu

150 ## - HEADING--TOPICAL TERM

  • Topical term or geographic name entry element: الاصنام-الوثنية

670 ## - SOURCE DATA FOUND

  • Source citation: Work cat.: (JO-AjAnu)4292: الكلبي،هشام بن محمد بن السائب ، أحمد،محمد عبد القادر ، عبيد،احمد محمد/تحقيق, author 8312, كتاب الأصنام